Prepravné služby tovaru podľa zákona o DPH

Uplatňovanie zákona č. 222/2004 Z.z. o DPH v znení neskorších predpisov pri poskytovaní služieb v nákladnej doprave.

Salvato in:
Dettagli Bibliografici
Autore principale: Jurišová, Anna
Natura: Capitolo di libro
Lingua:slovacco
Soggetti:
Tags: Aggiungi Tag
Nessun Tag, puoi essere il primo ad aggiungerne!!

MARC

LEADER 00000naa a2200000 4500
001 0207859
005 20231114112545.2
041 0 |a slo 
044 |a SK 
245 1 0 |a Prepravné služby tovaru podľa zákona o DPH  |c Anna Jurišová 
520 |a Uplatňovanie zákona č. 222/2004 Z.z. o DPH v znení neskorších predpisov pri poskytovaní služieb v nákladnej doprave. 
610 2 0 |a doprava nákladná 
610 2 0 |a služby dopravné 
610 2 0 |a dane z hodnoty pridanej 
100 1 |a Jurišová, Anna